00298nam a22000977a 4500082001200000100004200012245005000054260004100104650001500145700004000160 a220 PRO aMuhammad Adeel Aish Shahzaib Sikandar aPR-SOF-1893-Run of River (ROR) Water to Volts aISLAMABADbNUST COLLEGE OF EMEc2020 aDE-COMP-38 aDr Azhar ul Haq Lt Col Aqib Parwaiz